000 00589nam a2200193Ii 4500
003 JO-AjNU
008 230605s9999||||xx |||||||||||||| ||und||
040 _aJO-AjNU
_bara
_erda
_cJO-AjNU
041 _aara
050 1 4 _aPJ7814 .A622 1980
100 3 _aعودة، أحمد,
_eauthor
_949048
245 0 0 _aالمنعطف
264 3 1 _aالعراق: دار الحرية، 1980
300 _a151ص
336 _atext
_btxt
_2rdacontent
337 _aunmediated
_bn
_2rdamedia
338 _avolume
_bnc
_2rdacarrier
650 4 _aالقصص - القصص العربية القصيرة
_949049
999 _aA21519
_c25087
_d25087